| 000 | 00503nam a2200169 i 4500 | ||
|---|---|---|---|
| 001 | 88419 | ||
| 003 | ES-MaACL | ||
| 005 | 20230906175846.0 | ||
| 007 | t| | ||
| 008 | 050104s1963 sp ||||1| spa d | ||
| 100 | 1 |
_aLandes, Kennet K. _969946 |
|
| 245 | 1 | 0 |
_aGeología del petróleo / _cKennet K. Landes ; traducción por Miguel Casanueva. |
| 260 |
_aBarcelona : _bOmega, _c[1963] |
||
| 300 |
_a463 p. : _bil. ; _c23 cm. |
||
| 700 | 1 |
_aCasanueva, Miguel. _936140 |
|
| 852 |
_aES-MaACL _jC-23816 _bR.52649 |
||
| 999 |
_c88419 _d88419 |
||